5 to 1: European Countries Quiz Stats

 Plays Quiz Updated Dec 25, 2017

Challenge
Share
Tweet
Embed
Score 0/15 Timer 03:00
252 Plays Today
% Correct
Vatican City
95.8%
San Marino
93.9%
Norway
93.7%
Sweden
93.1%
Monaco
92.4%
Denmark
92.2%
Cyprus
92.1%
Ireland
91%
% Correct
Andorra
90.2%
Liechtenstein
89.9%
Serbia
88.6%
Macedonia
84.8%
Montenegro
84.1%
Latvia
82.6%
Bulgaria
81.8%

You're not logged in!

Compare scores with friends on all Sporcle quizzes.
Join for Free
OR
Log In

You Might Also Like...

Show Comments

Extras

Top Quizzes Today


Score Distribution

Your Account Isn't Verified!

In order to create a playlist on Sporcle, you need to verify the email address you used during registration. Go to your Sporcle Settings to finish the process.

Report this User

Report this user for behavior that violates our Community Guidelines.

Details: